| 000 | 00776nam a22001577a 4500 | ||
|---|---|---|---|
| 003 | OSt | ||
| 005 | 20151024140416.0 | ||
| 008 | 151024b xxu||||| |||| 00| 0 eng d | ||
| 040 | _cRUA | ||
| 082 | _aAVM VON 2012 B102 Or.1 | ||
| 100 |
_92783 _aVONG, CHANNEANG. |
||
| 245 | _aEpidemiological survey on new castleand fowl pox disease of local chicken in borset district kompong speu province, អង្កេតពីការរាតត្បាតពីជំងឺដង្កោកាច់ និងជំងឺអុតក្ដាមទៅលើពូជមាន់ក្នុងស្រុក នៅស្រុកបសេដ្ឋ ខេត្ដកំពង់ស្ពឺ | ||
| 260 |
_aPhnom Penh _bRUA _c2012 |
||
| 300 |
_ax; 46p. _bill. _c29cm. |
||
| 942 |
_2ddc _cAVM |
||
| 999 |
_c2604 _d2604 |
||